<?xml version="1.0" encoding="UTF-8"?>
<record
    xmlns:xsi="http://www.w3.org/2001/XMLSchema-instance"
    xsi:schemaLocation="http://www.loc.gov/MARC21/slim http://www.loc.gov/standards/marcxml/schema/MARC21slim.xsd"
    xmlns="http://www.loc.gov/MARC21/slim">

  <leader>01284nam a2200241   4500</leader>
  <controlfield tag="001">bimo0001768966</controlfield>
  <controlfield tag="003">DO-SdBNP</controlfield>
  <controlfield tag="005">20220608092816.0</controlfield>
  <controlfield tag="008">020410s2002   sp |          ||| ||spa  </controlfield>
  <datafield tag="020" ind1=" " ind2=" ">
    <subfield code="a">8449421373</subfield>
  </datafield>
  <datafield tag="040" ind1=" " ind2=" ">
    <subfield code="a">BPMSU </subfield>
    <subfield code="b">spa</subfield>
    <subfield code="c">BPMSU </subfield>
  </datafield>
  <datafield tag="082" ind1=" " ind2=" ">
    <subfield code="a">R803</subfield>
    <subfield code="b">E56i 2002</subfield>
    <subfield code="2">22</subfield>
  </datafield>
  <datafield tag="245" ind1="0" ind2="0">
    <subfield code="a">Enciclopedia interactiva del mundo hispano /</subfield>
    <subfield code="c">direcci&#xF3;n de la obra, Joaqu&#xED;n Navarro</subfield>
  </datafield>
  <datafield tag="260" ind1=" " ind2=" ">
    <subfield code="a">Barcelona :</subfield>
    <subfield code="b">Oc&#xE9;ano,</subfield>
    <subfield code="c">2002</subfield>
  </datafield>
  <datafield tag="300" ind1=" " ind2=" ">
    <subfield code="a">v. :</subfield>
    <subfield code="b">il.retrs.;</subfield>
    <subfield code="c">29 cm</subfield>
    <subfield code="e"> </subfield>
  </datafield>
  <datafield tag="500" ind1=" " ind2=" ">
    <subfield code="3">La biblioteca posee el v.2</subfield>
  </datafield>
  <datafield tag="505" ind1="0" ind2=" ">
    <subfield code="a">1. Gram&#xE1;tica, el idioma espa&#xF1;ol, literatura espa&#xF1;ola 2. Literatura hispanoamericana, literatura universal 3. Historia universal, historia de Am&#xE9;rica Latina 4. Geograf&#xED;a general, atlas, geograf&#xED;a descriptiva, ecolog&#xED;a, geolog&#xED;a 5. F&#xED;sica, electricidad, electr&#xF3;nica, qu&#xED;mica inorg&#xE1;nica, qu&#xED;mica org&#xE1;nica 6. &#xC1;lgebra, geometr&#xED;a, estad&#xED;stica, computaci&#xF3;n 7. Biolog&#xED;a, paleontolog&#xED;a, bot&#xE1;nica, zoolog&#xED;a, el cuerpo humano, educaci&#xF3;n sexual 8. Tecnolog&#xED;a mec&#xE1;nica, dise&#xF1;o, educaci&#xF3;n art&#xED;stica, m&#xFA;sica, educaci&#xF3;n c&#xED;vica, autoevaluaci&#xF3;n, &#xED;ndice anal&#xED;tico</subfield>
  </datafield>
  <datafield tag="590" ind1=" " ind2=" ">
    <subfield code="6">Inventariado, 2022/VM</subfield>
  </datafield>
  <datafield tag="650" ind1=" " ind2="4">
    <subfield code="a">Literatura</subfield>
    <subfield code="v">Enciclopedias</subfield>
    <subfield code="2"> </subfield>
  </datafield>
  <datafield tag="700" ind1="1" ind2=" ">
    <subfield code="a">Navarro, Joaqu&#xED;n</subfield>
    <subfield code="d">1946-</subfield>
  </datafield>
  <datafield tag="910" ind1=" " ind2=" ">
    <subfield code="a">VMateo V.</subfield>
  </datafield>
  <datafield tag="942" ind1=" " ind2=" ">
    <subfield code="2">ddc</subfield>
    <subfield code="c">BK</subfield>
  </datafield>
  <datafield tag="952" ind1=" " ind2=" ">
    <subfield code="0">0</subfield>
    <subfield code="1">0</subfield>
    <subfield code="2">ddc</subfield>
    <subfield code="4">0</subfield>
    <subfield code="7">0</subfield>
    <subfield code="8">CR-G</subfield>
    <subfield code="a">BPMET</subfield>
    <subfield code="b">BPMET</subfield>
    <subfield code="d">2022-06-08</subfield>
    <subfield code="o">BPMSU CGR R803 E56i 2002</subfield>
    <subfield code="p">BPMSU22060021</subfield>
    <subfield code="r">2022-06-08</subfield>
    <subfield code="t">v.2</subfield>
    <subfield code="w">2022-06-08</subfield>
    <subfield code="y">BK</subfield>
  </datafield>
  <datafield tag="952" ind1=" " ind2=" ">
    <subfield code="0">0</subfield>
    <subfield code="1">0</subfield>
    <subfield code="2">ddc</subfield>
    <subfield code="4">0</subfield>
    <subfield code="7">0</subfield>
    <subfield code="8">CR-G</subfield>
    <subfield code="a">BPMET</subfield>
    <subfield code="b">BPMET</subfield>
    <subfield code="d">2022-06-08</subfield>
    <subfield code="l">0</subfield>
    <subfield code="o">BPMSU CGR R803 E56i 2002</subfield>
    <subfield code="p">BPMSU22060024</subfield>
    <subfield code="r">2022-06-09</subfield>
    <subfield code="t">v.3</subfield>
    <subfield code="w">2022-06-08</subfield>
    <subfield code="y">BK</subfield>
  </datafield>
  <datafield tag="952" ind1=" " ind2=" ">
    <subfield code="0">0</subfield>
    <subfield code="1">0</subfield>
    <subfield code="2">ddc</subfield>
    <subfield code="4">0</subfield>
    <subfield code="7">0</subfield>
    <subfield code="8">CR-G</subfield>
    <subfield code="a">BPMET</subfield>
    <subfield code="b">BPMET</subfield>
    <subfield code="d">2022-06-08</subfield>
    <subfield code="l">0</subfield>
    <subfield code="o">BPMSU CGR R803 E56i 2002</subfield>
    <subfield code="p">BPMSU22060025</subfield>
    <subfield code="r">2022-06-09</subfield>
    <subfield code="t">v.1</subfield>
    <subfield code="w">2022-06-08</subfield>
    <subfield code="y">BK</subfield>
  </datafield>
  <datafield tag="999" ind1=" " ind2=" ">
    <subfield code="c">14225</subfield>
    <subfield code="d">14225</subfield>
  </datafield>
</record>
